LEADER 01048nam1 2200349 450 001 990005903090203316 005 20131029130609.0 035 $a000590309 035 $aUSA01000590309 035 $a(ALEPH)000590309USA01 035 $a000590309 100 $a20131029g20139999km-y0itay50------ba 101 0 $aita 102 $aIT 105 $ay|||||||001yy 200 1 $a<> ragione politica$fa cura di Franco Rositi 210 $aNapoli$cLiguori$d2013- 215 $avolumi$d24 cm 225 2 $aProfili$iArgomentazione e sfera pubblica$v1 ... 410 0$12001$aProfili$iArgomentazione e sfera pubblica$v1 ... 463 \1$1001990005903100203316$12001 $a<<1:>> <> discorsi dei leader politici 606 0 $aPolitica$xLinguaggio$2BNCF 676 $a320.014 702 1$aROSITI,$bFranco 801 0$aIT$bsalbc$gISBD 912 $a990005903090203316 951 $aIV.1. 1527 /$bL.M.$cIV.1. 959 $aBK 969 $aUMA 979 $aANNAMARIA$b90$c20131029$lUSA01$h1306 996 $aRagione politica$9821868 997 $aUNISA LEADER 00808nam0-22002771i-450- 001 990005615950403321 005 20070704095057.0 035 $a000561595 035 $aFED01000561595 035 $a(Aleph)000561595FED01 035 $a000561595 100 $a19990604d1974----km-y0itay50------ba 101 0 $aita 105 $aa-------00--- 200 1 $a<>porcellane francesi nei musei di Napoli$fMaria Letizia Casanova 210 $aCava dei Tirreni$cDi Mauro$dc1974 215 $a417 p.$cill.$d30 cm 676 $a738.2 700 1$aCasanova,$bMaria Letizia$0216190 801 0$aIT$bUNINA$gRICA$2UNIMARC 901 $aBK 912 $a990005615950403321 952 $a738.2 CAS 1$bST. ARTE 12507$fFLFBC 959 $aFLFBC 996 $aPorcellane francesi nei musei di Napoli$9603391 997 $aUNINA